Designing and managing organizations (Record no. 63458)

MARC details
000 -LEADER
fixed length control field 01038nam a2200193 a 4500
008 - FIXED-LENGTH DATA ELEMENTS--GENERAL INFORMATION
fixed length control field 120416s1983 ||||||||||||||||| || u
050 ## - LIBRARY OF CONGRESS CALL NUMBER
Classification number HD 31 Fin
100 ## - MAIN ENTRY--PERSONAL NAME
Personal name Fink, Stephen L
245 10 - TITLE STATEMENT
Title Designing and managing organizations
260 ## - PUBLICATION, DISTRIBUTION, ETC.
Place of publication, distribution, etc. Homewood, Ill.:
Name of publisher, distributor, etc. Irwin
Date of publication, distribution, etc. 1983
350 ## -
-- 0.00
650 #0 - SUBJECT ADDED ENTRY--TOPICAL TERM
Topical term or geographic name entry element MANAGEMENT
650 ## - SUBJECT ADDED ENTRY--TOPICAL TERM
Topical term or geographic name entry element ORGANIZATIONS--MANAGEMENT
700 ## - ADDED ENTRY--PERSONAL NAME
Personal name Willits, Robin D
995 ## -
-- ANNEX COLLECTION (Main Library)
-- 0.00
-- 709546
-- CBU-MAIN LIBRARY (Kitwe)
-- 4
-- 24.95
-- HD 31 Fin
-- 1
-- AVAILABLE
-- 000446
-- Annex Low-Usage Collection
995 ## -
-- MAIN LIBRARY OPEN ACCESS
-- 0.00
-- 709547
-- CBU-MAIN LIBRARY (Kitwe)
-- 3
-- 24.95
-- HD 31 Fin
-- 3
-- LOST
-- Mar 11, 2013
-- 000448
-- Main Library Open Access Collection
995 ## -
-- MAIN LIBRARY OPEN ACCESS
-- 0.00
-- 709549
-- CBU-MAIN LIBRARY (Kitwe)
-- 1
-- 24.95
-- HD 31 Fin
-- 4
-- AVAILABLE
-- 000449
-- Main Library Open Access Collection
995 ## -
-- ANNEX COLLECTION (Main Library)
-- 0.00
-- 709548
-- CBU-MAIN LIBRARY (Kitwe)
-- 2
-- 24.95
-- HD 31 Fin
-- 2
-- AVAILABLE
-- 000447
-- Annex Low-Usage Collection
999 ## -
-- 63458
-- 63458
Holdings
Withdrawn status Lost status Source of classification or shelving scheme Damaged status Not for loan Permanent Location Current Location Shelving location Date acquired Total Checkouts Full call number Barcode Date last seen Price effective from Koha item type
Withdrawn         CBU-MAIN LIBRARY, KITWE. CBU-MAIN LIBRARY, KITWE.   12/24/2022   HD 31 Fin 000446 12/24/2022 12/24/2022 MONOGRAPH
          CBU-MAIN LIBRARY, KITWE. CBU-MAIN LIBRARY, KITWE.   12/24/2022   HD 31 Fin 000448 12/24/2022 12/24/2022 MONOGRAPH
          CBU-MAIN LIBRARY, KITWE. CBU-MAIN LIBRARY, KITWE.   12/24/2022   HD 31 Fin 000449 12/24/2022 12/24/2022 MONOGRAPH
          CBU-MAIN LIBRARY, KITWE. CBU-MAIN LIBRARY, KITWE.   12/24/2022   HD 31 Fin 000447 12/24/2022 12/24/2022 MONOGRAPH